Histoire de la philosophie européenne / (Record no. 167875)

MARC details
000 -LEADER
campo de control de longitud fija 00668nam a22001935i 4500
001 - NÚMERO DE CONTROL
campo de control 167875
003 - IDENTIFICADOR DE NÚMERO DE CONTROL
campo de control ES-MaACL
005 - FECHA Y HORA DE LA ÚLTIMA TRANSACCIÓN
campo de control 20230906213620.0
008 - DATOS DE LONGITUD FIJA--INFORMACIÓN GENERAL
campo de control de longitud fija 980907s1872 fr |||| | fre d
040 ## - FUENTE DE CATALOGACIÓN
Centro catalogador/agencia de origen CAM
Lengua de catalogación spa
Centro/agencia transcriptor CAM
100 1# - ENTRADA PRINCIPAL--NOMBRE DE PERSONA
Nombre de persona Weber, Alfred.
9 (RLIN) 116250
245 10 - MENCIÓN DEL TÍTULO
Título Histoire de la philosophie européenne /
Mención de responsabilidad, etc. par Alfred Weber.
260 ## - PUBLICACIÓN, DISTRIBUCIÓN, ETC.
Lugar de publicación, distribución, etc. Paris, etc. :
Nombre del editor, distribuidor, etc. Germer Baillière... [et al.],
Fecha de publicación, distribución, etc. 1872.
300 ## - DESCRIPCIÓN FÍSICA
Extensión 604 p. ;
Dimensiones 22 cm.
650 #4 - PUNTO DE ACCESO ADICIONAL DE MATERIA--TÉRMINO DE MATERIA
Término de materia o nombre geográfico como elemento de entrada Filosofía-
Subdivisión de forma Historia.
9 (RLIN) 158248
852 ## - LOCALIZACIÓN
Ubicación ES-MaACL
Número de control de estantería G-7979
Nota libre -- Enc. hol.
Encuadernación -- Completar T260: (Strasbourg: Imprimerie de J.H. Ed. Heitz)
852 ## - LOCALIZACIÓN
Ubicación ES-MaACL
Número de control de estantería D-4561
Nota libre -- Enc. hol.
Holdings
Estatus retirado Estado de pérdida Estado de daño No para préstamo Colección Biblioteca de origen Biblioteca actual Ubicación en estantería Fecha de adquisición Fuente de adquisición Total de préstamos Signatura topográfica completa Código de barras Visto por última vez Precio de reemplazo Tipo de ítem Koha Fuente del sistema de clasificación o colocación Restricciones de uso
        Libros del s. XIX Biblioteca del Ateneo de Madrid Biblioteca del Ateneo de Madrid Sala Pecera Planta 3 17/01/2008     G-7979 1176120 23/02/2023 23/02/2023 Libro impreso antiguo    
          Biblioteca del Ateneo de Madrid Biblioteca del Ateneo de Madrid Sala Valle Inclán 17/01/2008     D-4561 901176121 23/02/2023 23/02/2023 Libro impreso antiguo Clasificación decimal universal Duplicado